| 000 | 01095cab a2200301 4500 | ||
|---|---|---|---|
| 001 | ABS55667 | ||
| 008 | 090401t1996 xxu||||| |||| 00| 0 eng d | ||
| 035 | _a(Sirsi) u17892 | ||
| 041 | _aeng | ||
| 100 | _aBooth, P. | ||
| 245 | _aCommercial property investment and the Pensions Act 1995 | ||
| 260 | _c1996 | ||
| 350 | _a0 | ||
| 490 |
_aJournal of Property Finance _v7(3) 1996, 21-37(15) |
||
| 520 | _aSummarises the findings of the authors in "Pensions Act 1995 and property investment" (Investment Property Forum, 1995). It assesses pension funds` attitude towards property investment and the implications of the minimum funding requirement (MFR) introduced in the 1995 Act. | ||
| 650 | _aASSETS | ||
| 650 | _aLIABIITY | ||
| 650 | _aMINIMUM FUNDING REQUIREMENT | ||
| 650 | _aOCCUPATIONAL PENSION SCHEMES | ||
| 650 | _aPENSION FUNDS | ||
| 650 | _aPENSIONS ACT 1995 | ||
| 650 | _aPROPERTY INVESTMENT | ||
| 650 | _aRISK | ||
| 690 | _aPROPERTY-COMMERCIAL PROPERTY-COMMERCIAL PROPERTY FINANCE AND INVESTMENT | ||
| 700 | _aMatysiak, G. | ||
| 942 | _n0 | ||
| 948 | _c04/03/1997 | ||
| 999 |
_c11867 _d11867 |
||